00610cam a2200193 a 4500008004100000020002200041100001800063245012100081260004200202300003200244500002000276650002000296650003400316700002000350700001900370003000100389005001700390040000900407  a1856042278 (pbk.)1 aPoulter, Alan14aThe library and information professional's guide to the World Wide Web /cAlan Poulter, Gwyneth Tseng, Goff Sargent. aLondon :bLibrary Association,c1999. ax, 133 p. :bill. ;c24 cm. aIncludes index. 0aWorld Wide Web. 0aLibrary information networks.1 aTseng, Gwyneth.1 aSargent, Goff.20230123133147.0 cNUST